Curtis v London Rent Assessment Committee and others (Record no. 53931)
[ view plain ]
| 000 -LEADER | |
|---|---|
| fixed length control field | 01479cab a2200241 4500 |
| 001 - CONTROL NUMBER | |
| control field | ABS58608 |
| 008 - FIXED-LENGTH DATA ELEMENTS--GENERAL INFORMATION | |
| fixed length control field | 090401t1998 xxu||||| |||| 00| 0 eng d |
| 035 ## - SYSTEM CONTROL NUMBER | |
| System control number | (Sirsi) u85728 |
| 041 ## - LANGUAGE CODE | |
| Language code of text/sound track or separate title | eng |
| 245 ## - TITLE STATEMENT | |
| Title | Curtis v London Rent Assessment Committee and others |
| 260 ## - PUBLICATION, DISTRIBUTION, ETC. | |
| Date of publication, distribution, etc. | 1998 |
| 350 ## - PRICE (NR) (BK AM CF MU VM SE) [OBSOLETE] | |
| Price | 0 |
| 490 ## - SERIES STATEMENT | |
| Series statement | Estates Gazette |
| Volume/sequential designation | [1998] 15 EG 120-132(13) |
| 520 ## - SUMMARY, ETC. | |
| Summary, etc. | CA 9 October 1997. Appellant landlord (C) owned two flats subject to regulated unfurnished tenancies. C referred fair rent assessments of these flats to the rent assessment committee. C relied on, as comparables, seven assured shorthold tenancies of flats in the same block; he also put forward evidence from two estate agents that there was no local scarcity. The committee had the rent officer`s evidence of registered rents in the locality and rejected three of C`s comparables and concluded that there was scarcity. They upheld the rents registered by the rent officer. C appealed. Appeal allowed. The decision of the committee was quashed and the reference remitted to another committee. C appealed whether rent assessment committees should give reasons and mathematical workings. Appeal allowed. |
| 650 ## - SUBJECT ADDED ENTRY--TOPICAL TERM | |
| Topical term or geographic name entry element | CURTIS AND OTHERS V LONDON RENT ASSESSMENT COMMITTEE AND OTHERS |
| 650 ## - SUBJECT ADDED ENTRY--TOPICAL TERM | |
| Topical term or geographic name entry element | FAIR RENTS |
| 650 ## - SUBJECT ADDED ENTRY--TOPICAL TERM | |
| Topical term or geographic name entry element | RENT ACT 1977 |
| 650 ## - SUBJECT ADDED ENTRY--TOPICAL TERM | |
| Topical term or geographic name entry element | RENT COMPARABLES |
| 650 ## - SUBJECT ADDED ENTRY--TOPICAL TERM | |
| Topical term or geographic name entry element | SCARCITY |
| 690 ## - LOCAL SUBJECT ADDED ENTRY--TOPICAL TERM (OCLC, RLIN) | |
| Topical term or geographic name as entry element | LANDLORD AND TENANT-CASE LAW-RESIDENTIAL TENANCIES |
| 942 ## - ADDED ENTRY ELEMENTS (KOHA) | |
| Suppress in OPAC | 0 |
| 948 ## - LOCAL PROCESSING INFORMATION (OCLC); SERIES PART DESIGNATOR (RLIN) | |
| c (OCLC) | 22/04/1998 |
| Withdrawn status | Lost status | Source of classification or shelving scheme | Damaged status | Not for loan | Home library | Current library | Shelving location | Date acquired | Total Checkouts | Full call number | Barcode | Date last seen | Copy number | Price effective from | Koha item type |
|---|---|---|---|---|---|---|---|---|---|---|---|---|---|---|---|
| Dewey Decimal Classification | London | London | Journal article | 14/09/1999 | ABS58608 | 85728-1001 | 06/08/2019 | 1 | 06/08/2019 | Law report |